000 00844cam a2200277 4500
008 090401t1991 xxu||||| |||| 00| 0 eng d
020 _a0704903571
035 _a(Sirsi) u14295
041 _aeng
050 _a332.6324
100 _aBaum, Andrew
245 _aProperty as a global asset.
260 _aReading
_bUniversity of Reading
_c1991
300 _a72p. ; 30cm.
350 _a15
490 _aCEPR Working Papers in European Property
650 _aINSTITUTIONAL INVESTMENT
650 _aINTERNATIONAL PROPERTY
650 _aOVERSEAS INVESTMENT
650 _aPROPERTY INVESTMENT
690 _aPROPERTY-COMMERCIAL PROPERTY-COMMERCIAL PROPERTY FINANCE AND INVESTMENT
700 _aSchofield, Andrew
710 _aUniversity of Reading
_bCentre for European Property Research
_92829
942 _n0
948 _c04/03/1997
999 _c87167
_d87167